[Event "Erandio op 20th"]
[Site "Erandio"]
[Date "2011.12.18"]
[Round "3"]
[White "Prieto Aranguren, Alain"]
[Black "Diez Fraile, David"]
[Result "1/2-1/2"]
[WhiteElo "2234"]
[BlackElo "2184"]
[PlyCount "79"]
[EventDate "2011.12.17"]
[EventType "swiss"]
[EventRounds "9"]
[EventCountry "ESP"]
[SourceTitle "EXT 2024"]
[Source "ChessBase"]
[SourceDate "2023.10.10"]
[SourceVersion "1"]
[SourceVersionDate "2023.10.10"]
[SourceQuality "1"]

1. d4 Nf6 2. c4 c5 3. d5 e6 4. Nc3 exd5 5. cxd5 d6 6. e4 g6 7. f4 Bg7 8. Bb5+ Nfd7 9. a4 0-0 10. Nf3 Na6 11. 0-0 Nc7 12. Bd3 a6 13. Be3 Nf6 14. h3 Re8 15. Bf2 Nh5 16. Bh4 Bf6 17. Bg5 Bd7 18. a5 Nb5 19. Ne2 Bxg5 20. fxg5 Nd4 21. Nfxd4 cxd4 22. Qd2 Re5 23. Nxd4 Rxg5 24. Nf3 Rg3 25. Kh2 Qe7 26. Rac1 Bb5 27. Bxb5 axb5 28. Qd4 Nf4 29. Rf2 Rxf3 30. gxf3 Qh4 31. Kh1 Qxh3+ 32. Kg1 Qg3+ 33. Kf1 Nh3 34. Rfc2 Qxf3+ 35. Ke1 Qg3+ 36. Kd2 Re8 37. Rc8 Qg2+ 38. Ke1 Qh1+ 39. Kd2 Qg2+ 40. Ke1 1/2-1/2